书目信息 |
| 题名: |
音响技术问答
|
|
| 作者: | 城井府吉 编著 ;孙力群 , 鞠养器 , 刘文青 译 | |
| 分册: | ||
| 出版信息: | 北京 人民邮电出版社 1987 |
|
| 页数: | 318页 | |
| 开本: | 19cm | |
| 丛书名: | ||
| 单 册: | ||
| 中图分类: | TN912.27 , TN912.2 | |
| 科图分类: | ||
| 主题词: | 音频设备 , 电声器件 , 电声技术 , 语音数据处理 | |
| 电子资源: | ||
| ISBN: | 7-115-04695-6 | |
| 000 | 00915nam0 2200325 45 | |
| 001 | 0187006391 | |
| 005 | 20040920105911.7 | |
| 010 | @dCNY5.60@a7-115-04695-6 | |
| 091 | @a15045.总3350-普824 | |
| 100 | @a19900830d1987 em y0chiy0121 ea | |
| 101 | 1 | @achi@cjpn |
| 102 | @aCN@b110000 | |
| 105 | @ay z 000yy | |
| 106 | @ar | |
| 200 | 10 | @a音响技术问答@Ayin xiang ji shu wen da@f(日)城井府吉编著@g孙力群,鞠养器,刘文青译 |
| 210 | @a北京@c人民邮电出版社@d1987 | |
| 215 | @a318页@d19cm | |
| 606 | @a音频设备 | |
| 606 | @a电声器件 | |
| 606 | 0 | @a电声技术 |
| 606 | 0 | @a语音数据处理 |
| 690 | @aTN912.27@v3 | |
| 690 | @aTN912.2@v3 | |
| 701 | 0 | @a城井府吉@Acheng jing fu ji@4编著 |
| 702 | 0 | @a孙力群@ASun Li Qun@4译 |
| 702 | 0 | @a鞠养器@AJu Yang Qi@4译 |
| 702 | 0 | @a刘文青@ALiu Wen Qing@4译 |
| 801 | 0 | @aCN@b深圳图书馆@c20040517 |
| 801 | 2 | @aCN@bNLC@c20040517 |
| 905 | @dTN912.2@e29@f1@b249543 | |
| 音响技术问答/(日)城井府吉编著/孙力群,鞠养器,刘文青译.-北京:人民邮电出版社,1987 |
| 318页;19cm |
| ISBN 7-115-04695-6:CNY5.60 |
| ● |
| 相关链接 |
|
|
|
|
正题名:音响技术问答
索取号:TN912.2/29
 
预约/预借
| 序号 | 登录号 | 条形码 | 馆藏地/架位号 | 状态 | 备注 |
| 1 | 0249543 | 001960550 | 第三借阅区/ [索取号:TN912.2/29] | 在馆 | |
| 2 | 0249544 | 001323222 | 第三借阅区/ [索取号:TN912.2/29] | 在馆 | |
| 3 | 0249545 | 001323954 | 第二样本阅览室/ [索取号:TN912.2/29] | 在馆 |